Cars (2006): Characters by Picture - Statistics

General Stats
  • This quiz has been taken 416 times
  • The average score is 14 of 24
Answer Stats
Picture Answer % Correct
Fabulous Hudson Hornet
91%
Montgomery "Lightning" McQueen
91%
Sally Carrera
89%
Tow Mater
86%
Luigi
83%
Chick Hicks
80%
Mack
79%
Guido
77%
Strip "The King" Weathers
77%
Flo
66%
Sheriff
66%
Sarge
63%
Red
62%
Ramone
61%
Stanley
58%
Fillmore
52%
Tex Dinoco
44%
DJ
42%
Snot Rod
41%
Lizzie
37%
Boost
32%
Wingo
28%
Rusty Rust-eze
22%
Dusty Rust-eze
19%
No matching quizzes found
Score Distribution
Percent of People with Each Score
Percentile by Number Answered
Your Score History
You have not taken this quiz